000 00634cam a22002411 4500
001 sa 64002753
003 DLC
005 20260227112011.0
008 941027s1962 ii b 000 0 gujo
010 _asa 64002753
025 _aPL480:I-Gu-145
035 _a(OCoLC)31368317
040 _aDLC
_cCU
_dCU
_dDLC
042 _apremarc
050 0 0 _aLB775.M8
_bB48
100 1 _aBhaṭṭa, Mūḷaśaṅkara Mohanalāla,
_d1907-
245 1 0 _aGharamāṃ bāḷamandira.
260 _c[1962]
300 _a32 p.
_c18 cm.
500 _aIn Gujarati.
504 _aBibliography: p. 32.
650 0 _aMontessori method of education.
999 _c57486
_d57486